Sustainable groundnut production in southern and eastern Africa : (Record no. 154362)

MARC details
000 -LEADER
fixed length control field 01361nam a2200313 a 4500
008 - FIXED-LENGTH DATA ELEMENTS--GENERAL INFORMATION
fixed length control field
020 ## - INTERNATIONAL STANDARD BOOK NUMBER
International Standard Book Number 929066309X (pbk.)
049 ## - LOCAL HOLDINGS (OCLC)
Holding library MAIN
090 01 - LOCALLY ASSIGNED LC-TYPE CALL NUMBER (OCLC); LOCAL CALL NUMBER (RLIN)
Classification number (OCLC) (R) ; Classification number, CALL (RLIN) (NR) SB351.P3
003 - CONTROL NUMBER IDENTIFIER
control field
005 - DATE AND TIME OF LATEST TRANSACTION
control field 20230123133754.0
040 ## - CATALOGING SOURCE
Transcribing agency NUST
111 ## - MAIN ENTRY--MEETING NAME
Meeting name or jurisdiction name as entry element Sustainable groundnut production in Southern Africa(
Date of meeting or treaty signing 1994 July 5-7 :
Location of meeting Mbabane, Swaziland.)
245 00 - TITLE STATEMENT
Title Sustainable groundnut production in southern and eastern Africa :
Remainder of title proceedings of a workshop, 5-7 Jul 1994, Mbabane, Swaziland /
Statement of responsibility, etc. edited by B.J. Ndunguru, G.L. Hildebrand, and P. Subrahmanyam.
260 ## - PUBLICATION, DISTRIBUTION, ETC.
Place of publication, distribution, etc. Patancheru, Andhra Pradesh, India :
Name of publisher, distributor, etc. International Crops Research Institute for the Semi-Arid Tropics,
Date of publication, distribution, etc. 1994.
300 ## - PHYSICAL DESCRIPTION
Extent 157 p. :
Other physical details ill. ;
Dimensions 24 cm.
504 ## - BIBLIOGRAPHY, ETC. NOTE
Bibliography, etc. note Includes bibliographical references.
546 ## - LANGUAGE NOTE
Language note Abstract in English and Portuguese.
650 #0 - SUBJECT ADDED ENTRY--TOPICAL TERM
Topical term or geographic name entry element Peanuts
Geographic subdivision Africa, Eastern
Form subdivision Congresses.
650 #0 - SUBJECT ADDED ENTRY--TOPICAL TERM
Topical term or geographic name entry element Peanuts
Geographic subdivision Africa, Southern
Form subdivision Congresses.
650 #0 - SUBJECT ADDED ENTRY--TOPICAL TERM
Topical term or geographic name entry element Sustainable agriculture
Geographic subdivision Africa, Eastern
Form subdivision Congresses.
650 #0 - SUBJECT ADDED ENTRY--TOPICAL TERM
Topical term or geographic name entry element Sustainable agriculture
Geographic subdivision Africa, Southern
Form subdivision Congresses.
700 1# - ADDED ENTRY--PERSONAL NAME
Personal name Ndunguru, B. J.
700 1# - ADDED ENTRY--PERSONAL NAME
Personal name Hildebrand, G. L.
700 1# - ADDED ENTRY--PERSONAL NAME
Personal name Subrahmanyam, P.
710 2# - ADDED ENTRY--CORPORATE NAME
Corporate name or jurisdiction name as entry element International Crops Research Institute for the Semi-arid Tropics.
907 ## - LOCAL DATA ELEMENT G, LDG (RLIN)
a .b10130342
b 16-08-04
c 09-07-04
942 ## - ADDED ENTRY ELEMENTS (KOHA)
Koha item type Ordinary Loan Books
Call number prefix SB351.P3
Holdings
Date last seen Total Checkouts Full call number Barcode Cost, replacement price Price effective from Koha item type Lost status Source of classification or shelving scheme Damaged status Not for loan Collection Withdrawn status Home library Current library Shelving location Date acquired Cost, normal purchase price
01/23/2023 1 SB351.P3 SUS 92003027157 80.00 01/23/2023 BOOKS   LCC     NFIC   MAIN MAIN GEN 01/23/2023 80.00